MARC details
| 000 -CABECERA |
| campo de control de longitud fija |
01310nam a2200193 a 4500 |
| 001 - NÚMERO DE CONTROL |
| campo de control |
000025554 |
| 005 - FECHA Y HORA DE LA ÚLTIMA TRANSACCIÓN |
| campo de control |
20200930023855.0 |
| 008 - DATOS DE LONGITUD FIJA--INFORMACIÓN GENERAL |
| campo de control de longitud fija |
110217s1964 xxu r 000 0 eng d |
| 040 ## - FUENTE DE LA CATALOGACIÓN |
| Centro catalogador/agencia de origen |
DO-SdBNP |
| Lengua de catalogación |
spa |
| Centro/agencia transcriptor |
BNPHU |
| 082 ## - NÚMERO DE LA CLASIFICACIÓN DECIMAL DEWEY |
| Número de clasificación |
xxxxx |
| Número de documento/Ítem |
E19d |
| 049 ## - FONDOS LOCALES (OCLC) |
| Fondos de biblioteca |
BNGR |
| 245 00 - MENCIÓN DE TÍTULO |
| Título |
Economic development : |
| Resto del título |
evolution or revolution? / |
| Mención de responsabilidad, etc. |
Edición e introducción Laura Randall. |
| 260 ## - PUBLICACIÓN, DISTRIBUCIÓN, ETC. |
| Lugar de publicación, distribución, etc. |
Boston : |
| Nombre del editor, distribuidor, etc. |
D.C. Heath, |
| Fecha de publicación, distribución, etc. |
1964. |
| 300 ## - DESCRIPCIÓN FÍSICA |
| Extensión |
xv, 144 p. ; |
| Dimensiones |
21 cm. |
| 490 1# - MENCIÓN DE SERIE |
| Mención de serie |
Studies in economics |
| 500 ## - NOTA GENERAL |
| Nota general |
Incluye notas al pie de las páginas. |
| 505 0# - NOTA DE CONTENIDO CON FORMATO |
| Título |
Social and economic revolution for the development of backward countries / |
| Mención de responsabilidad |
J.E.P. Belshaw. |
| Título |
Nationalism and economic development / |
| Mención de responsabilidad |
Yusif Sayigh. |
| Título |
Revolution and economic development / |
| Mención de responsabilidad |
Carter Goodrich. |
| Título |
Brazil : what kind of revolution? / |
| Mención de responsabilidad |
Celso Furtado. |
| Título |
Land reform and the Alliance for Progress / |
| Mención de responsabilidad |
Edmundo Flores. |
| Título |
The appeal of confiscation in economic development / |
| Mención de responsabilidad |
Martin Bronfenbrenner. |
| Título |
Revolution by stealth! : the case for sequential reforms / |
| Mención de responsabilidad |
Albert O. Hirschman. |
| Título |
Planning in the underdeveloped countries / |
| Mención de responsabilidad |
Gunnar Myrdal. |
| Título |
Political ideology and economic progress : the basic question / |
| Mención de responsabilidad |
Wilfred Malenbaum and Wolfgang Stolper. |
| Título |
Economic development policies and Argentine economic growth / |
| Mención de responsabilidad |
Laura Randall. |
| 830 #0 - PUNTO DE ACCESO ADICIONAL DE SERIE-TÍTULO UNIFORME |
| Título uniforme |
Studies in economics |
| 9 (RLIN) |
52225 |